| 000 | 00595nam a2200169 a 4500 | ||
|---|---|---|---|
| 001 | 000038597 | ||
| 005 | 20201002031316.0 | ||
| 008 | 130416s2012 dr 000 0 spa d | ||
| 020 | _a9789945872361 | ||
| 100 | 1 |
_aRodwin Mirabal, Yoselman _964297 |
|
| 245 | 1 | 0 |
_aAntropología : _buna perspectiva cristiana / _cYoselman Rodwin Mirabal ; prólogo Alfredo Ossers. |
| 260 |
_aSanto Domingo : _bUniversidad Nacional Evangélica, _c2012. |
||
| 300 |
_a152 p. ; _c23 cm. |
||
| 500 | _aIncluye datos biográficos del autor en la solapa | ||
| 700 | 1 |
_aOssers, Alfredo _epról. _964933 |
|
| 999 |
_c38087 _d38087 |
||
| 040 | _aDO-SdBNP | ||